| 000 | 00639nam a22002057a 4500 | ||
|---|---|---|---|
| 005 | 20160610125544.0 | ||
| 010 | _aENG-115239 | ||
| 020 |
_a9788120352315 _c595.00 |
||
| 035 | _aEN-98771 | ||
| 037 | _bDBAD/PUB | ||
| 082 | _a004.16 | ||
| 100 | _aMathur,Sunil | ||
| 245 |
_aMicroprocessors and microcontrollers / _cby Sunil Mathur [and] Jeebananda Panda |
||
| 260 |
_aDelhi _bPHI Learning _c2016 |
||
| 270 |
_aRimjhim House, 111, Patparganj Industrial Estate _bDelhi _e110092 |
||
| 300 |
_axxiii,776p. : _bill. _c25cm(pbk) |
||
| 500 | _aIncludes index | ||
| 700 | _aPanda, Jeebanada | ||
| 942 |
_2ddc _cEN _h004.16 _mMAT |
||
| 999 |
_c100267 _d100267 |
||